<?xml version="1.0" encoding="UTF-8"?><?xml-stylesheet type="text/xsl" href="static/style.xsl"?><OAI-PMH xmlns="http://www.openarchives.org/OAI/2.0/" xmlns:xsi="http://www.w3.org/2001/XMLSchema-instance" xsi:schemaLocation="http://www.openarchives.org/OAI/2.0/ http://www.openarchives.org/OAI/2.0/OAI-PMH.xsd"><responseDate>2026-04-14T03:38:33Z</responseDate><request verb="GetRecord" identifier="oai:www.recercat.cat:20.500.12327/4824" metadataPrefix="marc">https://recercat.cat/oai/request</request><GetRecord><record><header><identifier>oai:recercat.cat:20.500.12327/4824</identifier><datestamp>2025-11-09T14:39:09Z</datestamp><setSpec>com_2072_4428</setSpec><setSpec>com_2072_4427</setSpec><setSpec>col_2072_487898</setSpec></header><metadata><record xmlns="http://www.loc.gov/MARC21/slim" xmlns:dcterms="http://purl.org/dc/terms/" xmlns:xsi="http://www.w3.org/2001/XMLSchema-instance" xmlns:doc="http://www.lyncode.com/xoai" xsi:schemaLocation="http://www.loc.gov/MARC21/slim http://www.loc.gov/standards/marcxml/schema/MARC21slim.xsd">
   <leader>00925njm 22002777a 4500</leader>
   <datafield ind2=" " ind1=" " tag="042">
      <subfield code="a">dc</subfield>
   </datafield>
   <datafield ind2=" " ind1=" " tag="720">
      <subfield code="a">Jackson, Alexandra</subfield>
      <subfield code="e">author</subfield>
   </datafield>
   <datafield ind2=" " ind1=" " tag="720">
      <subfield code="a">Landers, Denise</subfield>
      <subfield code="e">author</subfield>
   </datafield>
   <datafield ind2=" " ind1=" " tag="720">
      <subfield code="a">Purswell, Joseph</subfield>
      <subfield code="e">author</subfield>
   </datafield>
   <datafield ind2=" " ind1=" " tag="720">
      <subfield code="a">Baker-Cook, Bethany</subfield>
      <subfield code="e">author</subfield>
   </datafield>
   <datafield ind2=" " ind1=" " tag="260">
      <subfield code="c">2025-09-10</subfield>
   </datafield>
   <datafield ind2=" " ind1=" " tag="520">
      <subfield code="a">Play and social behaviors are important in behavioral development as they support neurodevelopment, social bonding, and skills development. The individual differences in performance of these behaviors in poultry are currently unknown. This study assessed individual variability of play and social behaviors in broiler chicks across the first week of life. Seventy-five chicks (25 birds/pen) were randomly placed in three pens. Continuous focal sampling of nine birds (3 chicks/pen; labeled A-I) was performed from D 1-7. The play behaviors assessed were sparring, frolicking, and worm-running, and allopreening was used to assess social behavior. Play initiation was calculated as the number of times a chick initiated play divided by its total play frequency. The duration Bird A performed sparring was greater than Birds B, E, F, and H. Bird C performed a greater amount of frolicking than Bird E. Birds D and I spent more time performing worm-running than Bird G. For play duration tertiles, top-ranked birds for sparring were A, C, and I while bottom-ranked birds were B, E, and H. For frolicking, Birds C, D, and I were top-ranked and Birds B, E, and H were bottom. For the duration of worm-running, top ranks included Birds B, D, and I and the bottom ranks were Birds A, E, and H. For allopreening, Birds A, F, and H were ranked top and Birds B, E, and G were ranked bottom for duration. Bird C had significantly higher odds to initiate play (Odds = 4.06; P = 0.034), and Bird I tended to initiate play behaviors more often (Odds = 3.25; P = 0.07). The duration of sparring strongly positively correlated with frolicking (r = 0.78; P &lt; 0.01) and worm-running (r = 0.83; P &lt; 0.01) and frolicking strongly positively correlated with worm-running (r = 0.80; P &lt; 0.01). Overall, individual differences in play behaviors performance were found in the first week of life. Chicks engaging in one type of play not only performed more play behaviors overall but also showed greater propensity to initiate play.</subfield>
   </datafield>
   <datafield ind1="8" ind2=" " tag="024">
      <subfield code="a">Jackson, Alexandra, Denise Landers, Joseph Purswell, and Bethany Baker-Cook. 2025. “Research note: Individual variability in early-life play and social behaviors of broiler chicks”. Poultry Science 104 (11): 105821. doi:10.1016/j.psj.2025.105821.</subfield>
   </datafield>
   <datafield ind1="8" ind2=" " tag="024">
      <subfield code="a">0032-5791</subfield>
   </datafield>
   <datafield ind1="8" ind2=" " tag="024">
      <subfield code="a">http://hdl.handle.net/20.500.12327/4824</subfield>
   </datafield>
   <datafield ind1="8" ind2=" " tag="024">
      <subfield code="a">https://doi.org/10.1016/j.psj.2025.105821</subfield>
   </datafield>
   <datafield ind2="0" ind1="0" tag="245">
      <subfield code="a">Research note: Individual variability in early-life play and social behaviors of broiler chicks</subfield>
   </datafield>
</record></metadata></record></GetRecord></OAI-PMH>